Svařování elektrickým obloukem /

Uloženo v:
Podrobná bibliografie
Hlavní autor: Němec, Josef (Autor)
Médium: Kniha
Jazyk:čeština
Vydáno: Praha : SNTL - Státní nakladatelství technické literatury, 1969
Vydání:5. přeprac. vyd.
Edice:Kurs technických znalostí : příruční učební texty svazek 14
Témata:
On-line přístup: Získat plný text
Tagy: Přidat tag
Žádné tagy, Buďte první, kdo vytvoří štítek k tomuto záznamu!

MARC

LEADER 00000cam a2200000 4500
003 SK-BrCVT
005 20220925180329.0
008 080610s1969 cs e ||||||cze d
035 |a CVTIDW1449092 
040 |b slo  |a CVTI SR  |e AACR2 
041 0 |a cze 
044 |a cs 
080 |a 621.791.75  |2 UDC-MRF 
100 1 |a Němec, Josef  |4 aut 
245 1 0 |a Svařování elektrickým obloukem /  |c Josef Němec 
250 |a 5. přeprac. vyd. 
260 |a Praha :  |b SNTL - Státní nakladatelství technické literatury,  |c 1969 
300 |a 104 s. 
490 1 |a Kurs technických znalostí : příruční učební texty  |v svazek 14  |3 1390887 
653 1 |a zváranie elektrickým oblúkom 
760 1 |t Kurs technických znalostí 
910 |b A238347 
974 |f Knihy  |b CLI CLI 
992 |a APH 
999 |c 166054  |d 166054